Catch! Teenieping Royal Teeniepings - Statistics

General Stats
  • This quiz has been taken 391 times
  • The average score is 12 of 14
Answer Stats
Hint Answer % Correct
Season 1 Heartsping
97%
Season 1 Dadaping
92%
Season 1 Lalaping
91%
Season 1 Chachaping
89%
Season 1 Gogoping
89%
Season 1 Happying
85%
Season 2 Trustping
84%
Season 2 Joahping
83%
Season 2 Teeheeping
83%
Season 3 Nanaping
78%
Season 3 Trueping
77%
Forgotten royal teenieping (Season 1) Egoping
75%
Season 3 Okeydokeyping
74%
Season 3 Luckyping
70%
No matching quizzes found
Score Distribution
Percent of People with Each Score
Percentile by Number Answered
Your Score History
You have not taken this quiz